[Event "COL Students-ch (Women)"]
[Site "Santa Fe"]
[Date "2023.09.25"]
[Round "5"]
[White "Ladron De Guevara Mendez, Lorena"]
[Black "Moreno Barajas, Diana Fernanda"]
[Result "1-0"]
[WhiteElo "1357"]
[BlackElo "1602"]
[PlyCount "55"]
[EventDate "2023.09.23"]
[EventType "swiss"]
[EventRounds "6"]
[EventCountry "COL"]
[SourceTitle "EXT 2024"]
[Source "ChessBase"]
[SourceDate "2023.10.10"]
[SourceVersion "1"]
[SourceVersionDate "2023.10.10"]
[SourceQuality "1"]

1. e4 e5 2. Nf3 Nc6 3. Nc3 Nf6 4. a3 Be7 5. d4 d6 6. d5 Nb8 7. Bb5+ Bd7 8. Qd3 h6 9. h3 a6 10. Bxd7+ Nbxd7 11. b4 Nh7 12. Ne2 a5 13. c3 0-0 14. Ng3 c5 15. Bd2 Qc7 16. Nf5 Bf6 17. 0-0 c4 18. Qe2 a4 19. Nh2 Bg5 20. f4 Bxf4 21. Bxf4 exf4 22. Rxf4 Ne5 23. Ng4 Nd3 24. Rf3 Ng5 25. Rg3 Nf4 26. Qe3 Nh5 27. Ngxh6+ gxh6 28. Rxg5+ 1-0

[Event "COL-chT (Women)"]
[Site "Bucaramanga"]
[Date "2022.09.09"]
[Round "5.1"]
[White "Rosero Yepez, Laura Daniela"]
[Black "Moreno Barajas, Diana Fernanda"]
[Result "0-1"]
[WhiteElo "1496"]
[BlackElo "1630"]
[PlyCount "100"]
[EventDate "2022.09.06"]
[EventType "team-swiss"]
[EventRounds "6"]
[EventCountry "COL"]
[SourceTitle "CBM 210 Extra"]
[Source "ChessBase"]
[SourceDate "2022.11.30"]
[SourceVersion "1"]
[SourceVersionDate "2022.11.30"]
[SourceQuality "1"]
[WhiteTeam "Narino (W)"]
[BlackTeam "Santander (W)"]
[WhiteTeamCountry "COL"]
[BlackTeamCountry "COL"]

1. d4 d5 2. Nf3 e6 3. Bf4 c5 4. c3 Nc6 5. e3 Bd7 6. b3 cxd4 7. cxd4 Bb4+ 8. Nbd2 h6 9. h3 Nf6 10. Be2 Ne4 11. 0-0 Nc3 12. Qe1 Nxe2+ 13. Qxe2 Rc8 14. Ne5 Nxe5 15. Bxe5 0-0 16. a3 Ba5 17. Qg4 Qg5 18. Qxg5 hxg5 19. Nf3 f6 20. Bd6 Rfe8 21. Rac1 a6 22. b4 Bb6 23. Rxc8 Rxc8 24. g4 Bc7 25. Bxc7 Rxc7 26. Nd2 Kf7 27. Kg2 Ba4 28. f3 Rc2 29. Rf2 Ra2 30. Nb1 Rxf2+ 31. Kxf2 g6 32. Nc3 Bc6 33. a4 Bd7 34. b5 Ke7 35. e4 dxe4 36. fxe4 axb5 37. axb5 Kd6 38. e5+ fxe5 39. Ne4+ Kd5 40. Nf6+ Kd6 41. Nxd7 Kxd7 42. dxe5 Kc7 43. Ke2 Kb6 44. Kd2 Kxb5 45. Kc3 Kc5 46. Kd3 Kd5 47. Ke3 Kxe5 48. Kd3 Kd5 49. Kc3 e5 50. Kd3 b5 0-1

[Event "Bucaramanga Santander Cup"]
[Site "Bucaramanga"]
[Date "2022.07.24"]
[Round "7"]
[White "Moreno Barajas, Diana Fernanda"]
[Black "Arciniegas Castro, Santiago"]
[Result "0-1"]
[WhiteElo "1628"]
[BlackElo "1935"]
[PlyCount "74"]
[EventDate "2022.07.20"]
[EventType "swiss"]
[EventRounds "8"]
[EventCountry "COL"]
[SourceTitle "EXT 2023"]
[Source "ChessBase"]
[SourceDate "2022.10.05"]
[SourceVersion "1"]
[SourceVersionDate "2022.10.05"]
[SourceQuality "1"]

1. e4 e6 2. d4 d5 3. Nc3 Bb4 4. e5 b6 5. f4 Ne7 6. Nf3 Qd7 7. Bd2 c5 8. Nb5 Bxd2+ 9. Qxd2 0-0 10. Nd6 Ba6 11. g4 Bxf1 12. Rxf1 Nc8 13. Nxc8 Qxc8 14. g5 Nc6 15. 0-0-0 cxd4 16. Nxd4 Nxd4 17. Qxd4 Qc5 18. h4 Rac8 19. Rd2 Qc4 20. Qxc4 Rxc4 21. Rf3 Rfc8 22. Kd1 Ra4 23. a3 Rcc4 24. Rdf2 Re4 25. Kd2 Rad4+ 26. Kc3 Rd1 27. Rh2 Rg1 28. h5 Rg4 29. g6 Rexf4 30. gxf7+ Kxf7 31. Rhf2 Rxf3+ 32. Rxf3+ Ke7 33. Kd3 Rg5 34. c4 Rxe5 35. Rh3 Rg5 36. b4 Kd6 37. cxd5 Kxd5 0-1

[Event "Bucaramanga Santander Cup"]
[Site "Bucaramanga"]
[Date "2022.07.23"]
[Round "6"]
[White "Rosales Espinel, Julio David"]
[Black "Moreno Barajas, Diana Fernanda"]
[Result "0-1"]
[WhiteElo "1289"]
[BlackElo "1628"]
[PlyCount "50"]
[EventDate "2022.07.20"]
[EventType "swiss"]
[EventRounds "8"]
[EventCountry "COL"]
[SourceTitle "EXT 2023"]
[Source "ChessBase"]
[SourceDate "2022.10.05"]
[SourceVersion "1"]
[SourceVersionDate "2022.10.05"]
[SourceQuality "1"]

1. e4 e5 2. Nf3 Nc6 3. Bc4 Bc5 4. c3 Nf6 5. d4 exd4 6. b4 Bb6 7. e5 Ng4 8. 0-0 0-0 9. cxd4 d5 10. exd6 Qxd6 11. h3 Nf6 12. b5 Nxd4 13. Ba3 Nxf3+ 14. Qxf3 Bc5 15. Bb2 Rd8 16. Nc3 Be6 17. Rad1 Qe7 18. Bxe6 Qxe6 19. Rxd8+ Rxd8 20. Qxb7 Bb6 21. Na4 Bxf2+ 22. Rxf2 Rd1+ 23. Kh2 Qd6+ 24. g3 Ng4+ 25. hxg4 Qh6+ 0-1

[Event "Bucaramanga Santander Cup"]
[Site "Bucaramanga"]
[Date "2022.07.22"]
[Round "4"]
[White "Sequeda Hernandez, Daniel Arturo"]
[Black "Moreno Barajas, Diana Fernanda"]
[Result "0-1"]
[WhiteElo "1226"]
[BlackElo "1628"]
[PlyCount "114"]
[EventDate "2022.07.20"]
[EventType "swiss"]
[EventRounds "8"]
[EventCountry "COL"]
[SourceTitle "EXT 2023"]
[Source "ChessBase"]
[SourceDate "2022.10.05"]
[SourceVersion "1"]
[SourceVersionDate "2022.10.05"]
[SourceQuality "1"]

1. d4 d5 2. e3 Nf6 3. Bd3 e6 4. f4 Be7 5. Nd2 Nbd7 6. Ngf3 h6 7. Ne5 c5 8. c3 c4 9. Bc2 Qc7 10. 0-0 b5 11. a4 b4 12. Qf3 b3 13. Bb1 a5 14. Qg3 Bf8 15. Qh4 Bb7 16. Rf3 Nb6 17. f5 0-0-0 18. fxe6 fxe6 19. Bg6 Be7 20. Qh3 Rhf8 21. Qxe6+ Kb8 22. Qh3 Bc8 23. Bf5 Bd6 24. Ng6 Rfe8 25. Bxc8 Nxc8 26. Nf1 Ne4 27. Qh5 Ng5 28. Rf5 Nb6 29. Rxg5 hxg5 30. Qxg5 Rd7 31. Nf4 Rh8 32. g3 Bxf4 33. Qxf4 Rf7 34. Qxc7+ Kxc7 35. Bd2 Rhf8 36. h3 Kb7 37. Nh2 Rf2 38. Bc1 Re2 39. h4 Rff2 40. Nf1 Rf3 41. Ra3 Re1 42. Ra1 Rfxf1+ 43. Kg2 Rxc1 44. Rxc1 Rxc1 45. Kh3 Nxa4 46. Kg4 Rf1 47. Kg5 Rf6 48. g4 Nxb2 49. h5 Nd3 50. Kh4 b2 51. g5 Re6 52. h6 gxh6 53. gxh6 Rxh6+ 54. Kg5 Rb6 55. e4 b1Q 56. e5 Qg1+ 57. Kf5 Qg6# 0-1

[Event "Bucaramanga Udi Cup"]
[Site "Bucaramanga"]
[Date "2014.10.18"]
[Round "7"]
[White "Navas, Gildardo"]
[Black "Moreno Barajas, Diana Fernanda"]
[Result "0-1"]
[WhiteElo "1499"]
[BlackElo "1581"]
[PlyCount "62"]
[EventDate "2014.10.15"]
[EventType "swiss"]
[EventRounds "9"]
[EventCountry "COL"]
[SourceTitle "EXT 2015"]
[Source "ChessBase"]
[SourceDate "2014.11.20"]
[SourceVersion "1"]
[SourceVersionDate "2014.11.20"]
[SourceQuality "1"]

1. e4 e5 2. Nf3 Nc6 3. c3 Nf6 4. d3 h6 5. Be3 Be7 6. Nbd2 d6 7. Be2 0-0 8. 0-0 Nh7 9. d4 Kh8 10. dxe5 Nxe5 11. Nxe5 dxe5 12. Nf3 Bd6 13. Qc2 Qe8 14. Rad1 f5 15. Rd2 f4 16. Bd4 exd4 17. Rxd4 Bg4 18. Nh4 Bxe2 19. Qxe2 Be5 20. Rd5 Bf6 21. Nf3 Ng5 22. Nxg5 Bxg5 23. Rfd1 Rd8 24. f3 Rxd5 25. Rxd5 Qe7 26. Qd3 Rd8 27. Rxd8+ Qxd8 28. Qe2 Be7 29. g3 Bc5+ 30. Kg2 Qg5 31. Qb5 Bd6 0-1

[Event "Santander Departamental-ch"]
[Site "Santander"]
[Date "2013.12.01"]
[Round "8"]
[White "Quintero Rueda, Elizabeth"]
[Black "Moreno Barajas, Diana Fernanda"]
[Result "1/2-1/2"]
[WhiteElo "1452"]
[BlackElo "1585"]
[PlyCount "25"]
[EventDate "2013.11.28"]
[EventType "swiss"]
[EventRounds "8"]
[EventCountry "COL"]
[SourceTitle "CBM 157 Extra"]
[Source "ChessBase"]
[SourceDate "2013.12.19"]
[SourceVersion "1"]
[SourceVersionDate "2013.12.19"]
[SourceQuality "1"]

1. e4 e5 2. Nf3 Nc6 3. Bc4 d6 4. c3 Be6 5. Bb3 h6 6. d4 exd4 7. cxd4 Bg4 8. Bf4 Qf6 9. Bg3 Bxf3 10. Qxf3 Qxf3 11. gxf3 Nxd4 12. Nd2 Nxb3 13. Nxb3 1/2-1/2

[Event "Santander Departamental-ch"]
[Site "Santander"]
[Date "2013.11.30"]
[Round "6"]
[White "Cancino, Johan Camilo"]
[Black "Moreno Barajas, Diana Fernanda"]
[Result "1-0"]
[WhiteElo "1548"]
[BlackElo "1585"]
[PlyCount "47"]
[EventDate "2013.11.28"]
[EventType "swiss"]
[EventRounds "8"]
[EventCountry "COL"]
[SourceTitle "CBM 157 Extra"]
[Source "ChessBase"]
[SourceDate "2013.12.19"]
[SourceVersion "1"]
[SourceVersionDate "2013.12.19"]
[SourceQuality "1"]

1. e4 e5 2. Nf3 Nc6 3. Bc4 d6 4. Nc3 Bg4 5. d3 h6 6. h3 Bh5 7. 0-0 Nd4 8. Nxe5 Bg6 9. Nxg6 fxg6 10. Be3 Nc6 11. d4 a6 12. a3 Qd7 13. f4 0-0-0 14. e5 dxe5 15. dxe5 Kb8 16. Qxd7 Rxd7 17. Rad1 Rxd1 18. Rxd1 Be7 19. Nd5 Kc8 20. Nxe7+ Ngxe7 21. Be6+ Kb8 22. Bc5 b6 23. Bxe7 Nxe7 24. Rd7 1-0

[Event "Pamplona Sub zt 2.3 (Women)"]
[Site "Pamplona"]
[Date "2012.11.09"]
[Round "8"]
[White "Moreno Barajas, Diana Fernanda"]
[Black "Tobar, Zuleima"]
[Result "0-1"]
[WhiteElo "1598"]
[BlackElo "1849"]
[PlyCount "34"]
[EventDate "2012.11.05"]
[EventType "swiss"]
[EventRounds "9"]
[EventCountry "COL"]
[SourceTitle "EXT 2013"]
[Source "ChessBase"]
[SourceDate "2012.11.22"]
[SourceVersion "1"]
[SourceVersionDate "2012.11.22"]
[SourceQuality "1"]

1. e4 d6 2. d4 Nf6 3. Nc3 g6 4. h3 c6 5. Nf3 Bg7 6. Bg5 b5 7. b4 0-0 8. Qd2 a5 9. Bxf6 Bxf6 10. Rb1 axb4 11. Rxb4 Qa5 12. Rb3 Be6 13. Rb1 b4 14. Ne2 c5 15. d5 Qxa2 16. Rd1 Bd7 17. g4 Ba4 0-1

[Event "COL-ch Universities (Women)"]
[Site "Santa Marta"]
[Date "2012.10.27"]
[Round "3"]
[White "Larota Marino, Lorena Andrea"]
[Black "Moreno Barajas, Diana Fernanda"]
[Result "1-0"]
[WhiteElo "1659"]
[BlackElo "1613"]
[PlyCount "45"]
[EventDate "2012.10.26"]
[EventType "swiss"]
[EventRounds "6"]
[EventCountry "COL"]
[SourceTitle "EXT 2015"]
[Source "ChessBase"]
[SourceDate "2014.11.20"]
[SourceVersion "1"]
[SourceVersionDate "2014.11.20"]
[SourceQuality "1"]

1. e4 e5 2. Nf3 Nc6 3. Bb5 a6 4. Ba4 b5 5. Bb3 d6 6. h3 Be6 7. Bd5 Bxd5 8. exd5 Nce7 9. c4 Qd7 10. d3 g6 11. Nc3 Bg7 12. 0-0 Nf6 13. Rb1 h5 14. Ng5 Rb8 15. Nge4 Neg8 16. f4 bxc4 17. dxc4 Kf8 18. fxe5 dxe5 19. Bg5 Rb4 20. b3 Rb8 21. Nxf6 Nxf6 22. Bxf6 Re8 23. Ne4 1-0

[Event "COL-ch Universities (Women)"]
[Site "Santa Marta"]
[Date "2012.10.26"]
[Round "1"]
[White "Diaz Narvaez, Adriana Carol"]
[Black "Moreno Barajas, Diana Fernanda"]
[Result "1-0"]
[WhiteElo "1962"]
[BlackElo "1613"]
[PlyCount "89"]
[EventDate "2012.10.26"]
[EventType "swiss"]
[EventRounds "6"]
[EventCountry "COL"]
[SourceTitle "EXT 2015"]
[Source "ChessBase"]
[SourceDate "2014.11.20"]
[SourceVersion "1"]
[SourceVersionDate "2014.11.20"]
[SourceQuality "1"]

1. e4 e5 2. Nf3 Nc6 3. Bb5 Nf6 4. 0-0 d6 5. d4 Nd7 6. d5 Ne7 7. Nc3 a6 8. Ba4 b5 9. Bb3 Nc5 10. a3 Nxb3 11. cxb3 Bg4 12. Bg5 f6 13. Bh4 Ng6 14. Bg3 Be7 15. Qd3 0-0 16. h3 Bd7 17. Rac1 f5 18. Rc2 f4 19. Bh2 Qe8 20. Rfc1 Bd8 21. Ne2 Qf7 22. Kh1 Qe7 23. Neg1 Nh8 24. g3 Ng6 25. g4 Nh8 26. Ne2 Nf7 27. Rg1 g5 28. Nd2 Qf6 29. f3 Kg7 30. Kg2 Rh8 31. Rh1 h5 32. Bg1 h4 33. Bf2 Qe7 34. b4 Be8 35. Nb3 Rh7 36. Na5 Kf8 37. Nc1 Qd7 38. Ncb3 Qc8 39. Rhc1 Nh8 40. Rc3 Ng6 41. R1c2 Rb8 42. Qd1 Rg7 43. Qc1 Rh7 44. Ba7 Ra8 45. Bb6 1-0

[Event "COL-ch Universities (Women)"]
[Site "Santa Marta"]
[Date "2012.10.26"]
[Round "2"]
[White "Moreno Barajas, Diana Fernanda"]
[Black "Buenaventura, Jenny"]
[Result "0-1"]
[WhiteElo "1613"]
[BlackElo "1779"]
[PlyCount "44"]
[EventDate "2012.10.26"]
[EventType "swiss"]
[EventRounds "6"]
[EventCountry "COL"]
[SourceTitle "EXT 2015"]
[Source "ChessBase"]
[SourceDate "2014.11.20"]
[SourceVersion "1"]
[SourceVersionDate "2014.11.20"]
[SourceQuality "1"]

1. e4 e6 2. c3 d5 3. e5 c5 4. d4 Nc6 5. Bb5 Bd7 6. Ne2 Nge7 7. 0-0 Nf5 8. Qd2 Nxe5 9. Bxd7+ Nxd7 10. Re1 Bd6 11. g3 0-0 12. Kg2 Nf6 13. Rh1 Ne4 14. Qd1 cxd4 15. cxd4 Be7 16. f3 Ned6 17. h4 Bf6 18. h5 Nb5 19. Nbc3 Nbxd4 20. h6 g6 21. Kf2 Qb6 22. Ke1 Nxf3+ 0-1